| 000 | 00588nam a2200217Ia 4500 | ||
|---|---|---|---|
| 003 | GCL | ||
| 008 | 140319s9999 xx 000 0 eng d | ||
| 020 | _a9773053261 | ||
| 040 |
_aGCL / _cGCL |
||
| 082 | 0 | 4 |
_aCC _b027.68 _bZ B |
| 100 | 1 | _aZAHI HAWASS | |
| 245 | 1 | 0 |
_aBIBLIOTHECA ALEXANDRINA / _cZAHI HAWASS |
| 260 |
_aالقاهرة : _bMINISTRY OF CULTURE ، _c2002 |
||
| 300 |
_a32 CM ؛ _c141 P |
||
| 650 | 0 | 4 | _aMUSEUM - LIBRARIES |
| 650 | 0 | 4 | _aALEXANDRIA LIBRARY |
| 650 | 0 | 4 | _aLIBRARIES - PUBLIC |
| 650 | 0 | 4 | _aSPECIAL LIBRARIES |
| 650 | 0 | 4 | _aLIBRARIES - EGYPT |
| 942 |
_2ddc _cBK |
||
| 999 |
_c7433 _d7433 |
||